| 000 | 00480nam a22001697a 4500 | ||
|---|---|---|---|
| 003 | URS | ||
| 005 | 20250217175614.0 | ||
| 008 | 250217b |||||||| |||| 00| 0 eng d | ||
| 020 | _a9781350189607 | ||
| 040 | _cURS | ||
| 050 | _aFR LB 2331.25 .En361 2024 | ||
| 245 | _aEnglish-medium instruction practices in higher education. | ||
| 260 |
_aUK: _bBloomsburry Academic, _c2024 |
||
| 300 | _axxi, 279 p ; 25 cm | ||
| 504 | _aIncludes bibliographical references. | ||
| 942 |
_2lcc _cFR |
||
| 999 |
_c82095 _d82094 |
||